La pintura en Bélgica (Record no. 186948)

MARC details
000 -LEADER
campo de control de longitud fija 00877nam a2200265 i 4500
001 - NÚMERO DE CONTROL
campo de control 186948
003 - IDENTIFICADOR DE NÚMERO DE CONTROL
campo de control SpMaBN
005 - FECHA Y HORA DE LA ÚLTIMA TRANSACCIÓN
campo de control 20250815131822.0
008 - DATOS DE LONGITUD FIJA--INFORMACIÓN GENERAL
campo de control de longitud fija 170306s1959 sp a |||| |dspa d
080 ## - NÚMERO DE LA CLASIFICACIÓN DECIMAL UNIVERSAL
Número de la Clasificación Decimal Universal 75(493)(091)
100 1# - ENTRADA PRINCIPAL--NOMBRE DE PERSONA
Nombre de persona Genaille, Robert.
9 (RLIN) 161444
245 13 - MENCIÓN DEL TÍTULO
Título La pintura en Bélgica
Resto del título : de Rubens a los surrealistas /
Mención de responsabilidad, etc. Robert Genaille ; traducción de Elisabeth Mulder.
246 10 - FORMA VARIANTE DEL TITULO
Título propio/Titulo breve De Rubens a los surrealistas
260 ## - PUBLICACIÓN, DISTRIBUCIÓN, ETC.
Lugar de publicación, distribución, etc. Barcelona :
Nombre del editor, distribuidor, etc. Garriga,
Fecha de publicación, distribución, etc. [1959]
300 ## - DESCRIPCIÓN FÍSICA
Extensión 209 p. :
Otras características físicas il. col. ;
Dimensiones 24 cm.
490 1# - MENCIÓN DE SERIE
Mención de serie Colección "Pictura" ;
Designación de volumen o secuencia 10
500 ## - NOTA GENERAL
Nota general Índice.
504 ## - NOTA DE BIBLIOGRAFÍA, ETC.
Nota de bibliografía, etc. Bibliografía: p. 203-205.
599 ## - NOTA A LAS ILUSTRACIONES
NOTA A LAS ILUSTRACIONES Con lám. col. adheridas.
650 #7 - PUNTO DE ACCESO ADICIONAL DE MATERIA--TÉRMINO DE MATERIA
Término de materia o nombre geográfico como elemento de entrada Pintura belga
Fuente del encabezamiento o término
9 (RLIN) 161981
700 1# - ENTRADA AGREGADA--NOMBRE PERSONAL
Nombre de persona Mulder, Elisabeth.
9 (RLIN) 84098
830 0# - PUNTO DE ACCESO ADICIONAL DE SERIE-TÍTULO UNIFORME
Título uniforme Colección "Pictura" ;
Designación de volumen o secuencia 10
9 (RLIN) 192706
852 1# - LOCALIZACIÓN
Ubicación BA
Número de control de estantería L-31192
Nota libre - enc. tela
Holdings
Estatus retirado Estado de pérdida Estado de daño No para préstamo Biblioteca de origen Biblioteca actual Ubicación en estantería Fecha de adquisición Fuente de adquisición Total de préstamos Signatura topográfica completa Código de barras Visto por última vez Precio de reemplazo Tipo de ítem Koha
        Biblioteca del Ateneo de Madrid Biblioteca del Ateneo de Madrid Depósito 2 06/03/2017     L-31192 1197194 23/02/2023 23/02/2023 Libro impreso